Xã hội 5A (Dành cho Hs tiểu học)

保存先:
書誌詳細
フォーマット: 図書
タグ: タグ追加
タグなし, このレコードへの初めてのタグを付けませんか!
Thư viện lưu trữ: Mạng thư viện Đại học Đà Nẵng
LEADER 00416nam a22001691a 4500
001 000040092
003 16387
005 20160412022841.0
008 160412s0 000
082 |a 4N(TK)1512-17 
245 |a Xã hội 5A (Dành cho Hs tiểu học) 
OWN |a LNN 
999 |a From the UDN01 
TYP |a Monograph 
980 |a Mạng thư viện Đại học Đà Nẵng